[Event "ODEM U25A 2011"]
[Site "Oberhof GER"]
[Date "2011.06.14"]
[Round "5"]
[White "Brodmann, Anton"]
[Black "Grigoryeva, Olga"]
[Result "0-1"]
[Termination "normal"]
[Board "11"]
[WhiteElo "1861"]
[BlackElo "2087"]
[PlyCount "82"]
[WhiteFideId "24655481"]
[BlackFideId "24132594"]
[EventCountry "GER"]
[EventRounds "9"]
[EventType "swiss"]
[EventDate "2011.06.11"]

1. e4 d5 2. exd5 Qxd5 3. Nc3 Qa5 4. d4 Nf6 5. Bc4 c6 6. Bd2 Bg4 7. Nf3 e6 8.
Qe2 Qc7 9. h3 Bxf3 10. Qxf3 Nbd7 11. O-O Bd6 12. Rfe1 O-O 13. Bd3 Qb6 14. Be3
Qa5 15. g4 Bb4 16. g5 Nd5 17. Nxd5 Qxd5 18. Be4 Qa5 19. c3 Be7 20. h4 Rad8 21.
Bf4 Rfe8 22. a4 Rc8 23. b4 Qd8 24. b5 Nb8 25. Qg3 Qd7 26. h5 c5 27. Qf3 Bd6 28.
g6 fxg6 29. Bxd6 Qxd6 30. hxg6 cxd4 31. cxd4 Rf8 32. gxh7+ Kh8 33. Qg2 Qxd4 34.
Rad1 Qxa4 35. Bxb7 Rc7 36. Rb1 Rc4 37. f3 Rc2 38. Qg5 Qd4+ 39. Qe3 Qh4 40. Re2
Qg3+ 41. Kh1 Rf5 0-1

[Event "ODEM U25A 2011"]
[Site "Oberhof GER"]
[Date "2011.06.14"]
[Round "5"]
[White "Pererva, Viktor"]
[Black "Fichtner, Ewald"]
[Result "1/2-1/2"]
[Termination "normal"]
[Board "12"]
[WhiteElo "1956"]
[BlackElo "1991"]
[PlyCount "63"]
[WhiteFideId "24696463"]
[BlackFideId "1270194"]
[EventCountry "GER"]
[EventRounds "9"]
[EventType "swiss"]
[EventDate "2011.06.11"]

1. e4 c6 2. d4 d5 3. Nc3 dxe4 4. Nxe4 Bf5 5. Ng3 Bg6 6. Nf3 Nd7 7. h4 h6 8. h5
Bh7 9. Bd3 Bxd3 10. Qxd3 e6 11. Bd2 Ngf6 12. O-O-O Be7 13. Ne4 Nxe4 14. Qxe4
Nf6 15. Qe2 Qd5 16. c4 Qe4 17. Rde1 Qxe2 18. Rxe2 O-O 19. g4 Nxg4 20. Rg1 f5
21. Rxe6 Bf6 22. Ne5 Bxe5 23. dxe5 Nxf2 24. Bxh6 Kf7 25. Rgg6 Rg8 26. Be3 Ng4
27. Bc5 Rge8 28. Rxe8 Rxe8 29. Rg5 Nxe5 30. Bd4 Kf6 31. Rg6+ Kf7 32. Rg5
1/2-1/2

[Event "ODEM U25A 2011"]
[Site "Oberhof GER"]
[Date "2011.06.14"]
[Round "5"]
[White "Humburg, Philipp"]
[Black "Münch, Robert"]
[Result "0-1"]
[Termination "normal"]
[Board "13"]
[WhiteElo "1672"]
[BlackElo "1908"]
[PlyCount "32"]
[WhiteFideId "24656151"]
[BlackFideId "4626028"]
[EventCountry "GER"]
[EventRounds "9"]
[EventType "swiss"]
[EventDate "2011.06.11"]

1. d4 d5 2. c4 e6 3. Nf3 Nf6 4. e3 Nbd7 5. b3 b6 6. Bd3 Bb7 7. O-O Ne4 8. Nfd2
f5 9. f3 Nef6 10. Qe2 Bd6 11. e4 fxe4 12. fxe4 dxe4 13. Nxe4 Nxe4 14. Bxe4 Qh4
15. Bf4 Bxf4 16. g3 Be3+ 0-1

[Event "ODEM U25A 2011"]
[Site "Oberhof GER"]
[Date "2011.06.14"]
[Round "5"]
[White "Gefnider, Andreas"]
[Black "Siebarth, Marco"]
[Result "0-1"]
[Termination "normal"]
[Board "14"]
[WhiteElo "1697"]
[BlackElo "2034"]
[PlyCount "104"]
[WhiteFideId "12900176"]
[BlackFideId "24604330"]
[EventCountry "GER"]
[EventRounds "9"]
[EventType "swiss"]
[EventDate "2011.06.11"]

1. e4 c5 2. Nf3 e6 3. Nc3 Nc6 4. Bc4 d6 5. d3 Nf6 6. Bf4 Be7 7. O-O O-O 8. Re1
d5 9. Bb3 b6 10. Qd2 Bb7 11. Rad1 d4 12. Ne2 Nd7 13. c3 e5 14. Bg3 Kh8 15. Bd5
Bf6 16. h3 b5 17. Nh2 Bh4 18. f4 Bxg3 19. Nxg3 f6 20. Ng4 Na5 21. Be6 Nc6 22.
Rf1 Qe7 23. f5 Rfd8 24. Qe2 Nf8 25. Bd5 Na5 26. c4 bxc4 27. dxc4 Bxd5 28. exd5
Nb7 29. Ne4 Nd7 30. Ngf2 Nb6 31. b3 Nc8 32. Nd3 Qc7 33. g4 Ncd6 34. Ndf2 Nxe4
35. Nxe4 Nd6 36. h4 Nxe4 37. Qxe4 Rd6 38. g5 Qe7 39. g6 h6 40. Rb1 a5 41. Rf2
Rb8 42. Rfb2 Rdb6 43. Kf2 Kg8 44. a4 Qd6 45. Kf3 Kf8 46. Ke2 R6b7 47. Kd3 Qb6
48. Qe1 e4+ 49. Ke2 Re8 50. Qg3 Re5 51. Rf1 Qb4 52. Rf4 Qa3 0-1

[Event "ODEM U25A 2011"]
[Site "Oberhof GER"]
[Date "2011.06.14"]
[Round "5"]
[White "van gen Hassend, Max"]
[Black "Krause, Jonah"]
[Result "1-0"]
[Termination "normal"]
[Board "15"]
[WhiteElo "1988"]
[BlackElo "1911"]
[PlyCount "65"]
[WhiteFideId "12934569"]
[BlackFideId "12907910"]
[EventCountry "GER"]
[EventRounds "9"]
[EventType "swiss"]
[EventDate "2011.06.11"]

1. e4 c6 2. d4 d5 3. exd5 cxd5 4. c4 Nf6 5. Nc3 e6 6. c5 Nc6 7. Nf3 b6 8. Bb5
Bd7 9. Bxc6 Bxc6 10. Ne5 Qc8 11. b4 bxc5 12. bxc5 Be7 13. O-O O-O 14. Rb1 Ne4
15. Nxe4 dxe4 16. Qg4 Bd5 17. Bh6 Bf6 18. f3 exf3 19. gxf3 Kh8 20. Bf4 Bxe5 21.
Bxe5 f6 22. Bd6 Rg8 23. Rb2 Qc6 24. Rg2 Rad8 25. Rg3 Bxa2 26. Rh3 Qd5 27. Be5
Rgf8 28. Qg6 h6 29. Kh1 Rd7 30. Rg1 Kg8 31. Bxf6 Rxf6 32. Qxf6 Rf7 33. Qxh6 1-0

[Event "ODEM U25A 2011"]
[Site "Oberhof GER"]
[Date "2011.06.14"]
[Round "5"]
[White "Schirra, Felix"]
[Black "Ehlers, Michael"]
[Result "0-1"]
[Termination "normal"]
[Board "16"]
[WhiteElo "1634"]
[BlackElo "1932"]
[PlyCount "48"]
[WhiteFideId "24692662"]
[BlackFideId "4674537"]
[EventCountry "GER"]
[EventRounds "9"]
[EventType "swiss"]
[EventDate "2011.06.11"]

1. e4 c5 2. Nf3 a6 3. d4 cxd4 4. Nxd4 Nf6 5. Nc3 e5 6. Nde2 Bb4 7. a3 Bc5 8. b4
Ba7 9. h3 O-O 10. g3 Nc6 11. Bg2 d6 12. O-O Be6 13. Nd5 Rc8 14. Be3 Bxe3 15.
Nxe3 Qd7 16. Kh2 Ne7 17. g4 Rc7 18. Ng3 Rfc8 19. Rc1 Ne8 20. Nd5 Bxd5 21. exd5
Qa4 22. Be4 Qxa3 23. Qd2 Nf6 24. f4 Qxg3+ 0-1

[Event "ODEM U25A 2011"]
[Site "Oberhof GER"]
[Date "2011.06.14"]
[Round "5"]
[White "Tomaszewska, Luiza"]
[Black "Orhan, Eda"]
[Result "1-0"]
[Termination "normal"]
[Board "17"]
[WhiteElo "1994"]
[BlackElo "1759"]
[PlyCount "51"]
[WhiteFideId "1171089"]
[BlackFideId "24659258"]
[EventCountry "GER"]
[EventRounds "9"]
[EventType "swiss"]
[EventDate "2011.06.11"]

1. e4 c6 2. d3 d5 3. Nd2 dxe4 4. dxe4 e6 5. Ngf3 Bc5 6. Be2 Nf6 7. O-O O-O 8.
c3 b5 9. Qc2 Nbd7 10. Nb3 Bb6 11. a4 Bb7 12. e5 Ng4 13. Ng5 f5 14. Bxg4 Qe7 15.
Be2 a6 16. Nf3 Rac8 17. Rd1 Nc5 18. Nxc5 Bxc5 19. Bg5 Qc7 20. Qd2 h6 21. Be3
Bxe3 22. Qxe3 Rcd8 23. Qc5 Rxd1+ 24. Bxd1 Rd8 25. Bb3 Kf7 26. Nd4 1-0

[Event "ODEM U25A 2011"]
[Site "Oberhof GER"]
[Date "2011.06.14"]
[Round "5"]
[White "Becker, Matthias"]
[Black "Marx, Inga"]
[Result "1/2-1/2"]
[Termination "normal"]
[Board "18"]
[WhiteElo "1912"]
[BlackElo "1773"]
[PlyCount "66"]
[WhiteFideId "12915564"]
[BlackFideId "4654749"]
[EventCountry "GER"]
[EventRounds "9"]
[EventType "swiss"]
[EventDate "2011.06.11"]

1. e4 c6 2. d4 g6 3. Nc3 d5 4. e5 Bg7 5. f4 h5 6. Nf3 Bg4 7. Be2 e6 8. Be3 Bxf3
9. Bxf3 h4 10. Qd2 Nh6 11. g4 Nd7 12. Rg1 Qe7 13. Be2 Bf8 14. Bd3 a6 15. f5
exf5 16. gxf5 Nxf5 17. Bxf5 gxf5 18. O-O-O Qe6 19. Qf2 O-O-O 20. Rdf1 Rh5 21.
Rg5 Rxg5 22. Bxg5 Bh6 23. Qxh4 Rh8 24. Bxh6 Rxh6 25. Qf4 Rh5 26. Ne2 f6 27. Ng3
fxe5 28. dxe5 Rxh2 29. Nxf5 Qxe5 30. Qxe5 Nxe5 31. b3 Ng4 32. Rg1 Nf6 33. Rg7
Ne4 1/2-1/2

[Event "ODEM U25A 2011"]
[Site "Oberhof GER"]
[Date "2011.06.14"]
[Round "5"]
[White "Mann, Johannes"]
[Black "Stark, Timo"]
[Result "1/2-1/2"]
[Termination "normal"]
[Board "19"]
[WhiteElo "1785"]
[BlackElo "1842"]
[PlyCount "47"]
[WhiteFideId "24691380"]
[BlackFideId "4670183"]
[EventCountry "GER"]
[EventRounds "9"]
[EventType "swiss"]
[EventDate "2011.06.11"]

1. e4 c5 2. Nc3 Nc6 3. g3 d6 4. Bg2 Nf6 5. d3 g6 6. f4 Qb6 7. Nf3 Bg4 8. h3
Bxf3 9. Qxf3 Nd4 10. Qf2 Bg7 11. O-O e6 12. Rb1 Nd7 13. Be3 a5 14. Rfc1 O-O 15.
Ne2 Nxe2+ 16. Qxe2 Qc7 17. c3 Rac8 18. d4 b6 19. Kf2 Rfe8 20. g4 Qd8 21. Kg1
Qe7 22. Qf2 f6 23. Kh1 Kh8 24. Qd2 1/2-1/2

[Event "ODEM U25A 2011"]
[Site "Oberhof GER"]
[Date "2011.06.14"]
[Round "5"]
[White "Kieslich, Aaron"]
[Black "Winterholler, Christina"]
[Result "1-0"]
[Termination "normal"]
[Board "20"]
[WhiteElo "1815"]
[BlackElo "1669"]
[PlyCount "113"]
[WhiteFideId "1270391"]
[BlackFideId "24652105"]
[EventCountry "GER"]
[EventRounds "9"]
[EventType "swiss"]
[EventDate "2011.06.11"]

1. e4 d5 2. exd5 Nf6 3. d4 Nxd5 4. c4 Nb6 5. h3 Bf5 6. Nf3 e6 7. Be2 Be7 8. O-O
O-O 9. Nc3 Nc6 10. Be3 Qd7 11. Qd2 Rad8 12. Rad1 Bg6 13. Qc1 Qc8 14. b3 f5 15.
Bg5 h6 16. Bxe7 Nxe7 17. Ne5 Be8 18. Bf3 Ng6 19. Rfe1 c6 20. Qe3 Nxe5 21. Qxe5
Bf7 22. Rd2 Rfe8 23. Nd1 c5 24. Nc3 cxd4 25. Rxd4 Rxd4 26. Qxd4 Rd8 27. Qe3 Rd7
28. Nb5 Qb8 29. Nd4 Qd6 30. Nxe6 Re7 31. c5 Qxe6 32. cxb6 axb6 33. Qxe6 Rxe6
34. Rxe6 Bxe6 35. Bxb7 Kf7 36. Kf1 Ke7 37. Ke2 Kd6 38. Kd3 Kc5 39. Kc3 b5 40.
a3 Kb6 41. Bf3 Kc5 42. Be2 Bd7 43. f4 g6 44. h4 h5 45. g3 Be8 46. Bd1 Bd7 47.
Kd3 Be6 48. b4+ Kd6 49. a4 Bd7 50. a5 Be6 51. Bf3 Bc8 52. Kd4 Ba6 53. Bd5 Bc8
54. Bf7 Bb7 55. Bxg6 Bf3 56. Bxf5 Bg2 57. Be4 1-0

[Event "ODEM U25A 2011"]
[Site "Oberhof GER"]
[Date "2011.06.14"]
[Round "5"]
[White "Hoffmann, Tim"]
[Black "Wisheckel, Lena"]
[Result "0-1"]
[Termination "normal"]
[Board "21"]
[WhiteElo "1673"]
[BlackElo "1760"]
[PlyCount "86"]
[WhiteFideId "12900338"]
[BlackFideId "24691992"]
[EventCountry "GER"]
[EventRounds "9"]
[EventType "swiss"]
[EventDate "2011.06.11"]

1. e4 e5 2. Nf3 Nf6 3. Nxe5 d6 4. Nf3 Nxe4 5. d3 Nf6 6. Be2 d5 7. d4 Bd6 8. Bg5
Bf5 9. Nc3 c6 10. Bd3 Qe7+ 11. Ne2 Bg4 12. Nd2 O-O 13. O-O Nbd7 14. f3 Bh5 15.
Nb3 h6 16. Bh4 b6 17. Re1 Qe3+ 18. Bf2 Bxh2+ 19. Kf1 Qg5 20. Ng1 Bxg1 21. Bxg1
Rfe8 22. Nc1 Bg6 23. Bxg6 Qxg6 24. Nd3 Nh5 25. Bf2 Ng3+ 26. Kg1 Nf5 27. f4 f6
28. Qf3 Rxe1+ 29. Rxe1 Re8 30. c4 dxc4 31. Qxc6 cxd3 32. Qxd7 Rxe1+ 33. Bxe1
Kh7 34. Bc3 Ne3 35. Qh3 Nd1 36. f5 Qg5 37. d5 Nxc3 38. bxc3 Qc1+ 39. Kh2 Qf4+
40. Kg1 Qc1+ 41. Kh2 Qxc3 42. Qh5 Qe5+ 43. Kh3 d2 0-1

[Event "ODEM U25A 2011"]
[Site "Oberhof GER"]
[Date "2011.06.14"]
[Round "5"]
[White "Diller, Daniel"]
[Black "Garbe, Maximilian"]
[Result "1-0"]
[Termination "normal"]
[Board "22"]
[WhiteElo "1779"]
[BlackElo "1686"]
[PlyCount "81"]
[WhiteFideId "12908983"]
[BlackFideId "12913855"]
[EventCountry "GER"]
[EventRounds "9"]
[EventType "swiss"]
[EventDate "2011.06.11"]

1. c4 e5 2. g3 Nf6 3. Bg2 d5 4. cxd5 Nxd5 5. Nc3 Nb6 6. Nf3 Nc6 7. O-O Be7 8.
a3 a5 9. d3 O-O 10. Be3 Nd5 11. Nxd5 Qxd5 12. Nd4 Qd7 13. Nxc6 bxc6 14. Rc1 Bb7
15. Qa4 Ra6 16. Rc2 Bd6 17. Rfc1 Rb8 18. d4 exd4 19. Bxd4 Qg4 20. Bf3 Qe6 21.
e3 h6 22. Bxc6 Bxc6 23. Rxc6 Rxc6 24. Rxc6 Qa2 25. Rc1 Rxb2 26. Bxb2 Qxb2 27.
Rc2 Qxa3 28. Qxa3 Bxa3 29. Rxc7 Kf8 30. Ra7 Bb4 31. Kg2 g6 32. Kf3 Kg7 33. Ra6
g5 34. Kg4 Be1 35. f4 f6 36. Ra7+ Kf8 37. fxg5 hxg5 38. Kf5 Bc3 39. h4 gxh4 40.
gxh4 Be1 41. h5 1-0

[Event "ODEM U25A 2011"]
[Site "Oberhof GER"]
[Date "2011.06.14"]
[Round "5"]
[White "Zimmer, Ketsarin"]
[Black "Dohmann, Dorothea"]
[Result "1-0"]
[Termination "normal"]
[Board "23"]
[WhiteElo "1748"]
[BlackElo "1797"]
[PlyCount "71"]
[WhiteFideId "4696182"]
[BlackFideId "12915459"]
[EventCountry "GER"]
[EventRounds "9"]
[EventType "swiss"]
[EventDate "2011.06.11"]

1. e4 e5 2. Nc3 Nf6 3. f4 Bb4 4. fxe5 Bxc3 5. bxc3 Nxe4 6. Qg4 Ng5 7. d4 h6 8.
h4 d5 9. Qg3 Ne6 10. Nh3 g5 11. Nf2 Rg8 12. Ng4 Nd7 13. Nxh6 Rg6 14. Nf5 gxh4
15. Qxh4 Qxh4+ 16. Rxh4 Nef8 17. g4 f6 18. Bd3 fxe5 19. Ne3 e4 20. Be2 Nf6 21.
Ba3 Bd7 22. Kd2 O-O-O 23. Rh8 N8h7 24. Rxd8+ Kxd8 25. Rb1 b6 26. Rh1 Ng5 27.
Rh8+ Be8 28. Bb5 Nf3+ 29. Kd1 Rg5 30. Nf5 c5 31. dxc5 Nxg4 32. Rxe8+ Kc7 33.
cxb6+ axb6 34. Re7+ Kb8 35. Bd6+ Kc8 36. Ba6+ 1-0

[Event "ODEM U25A 2011"]
[Site "Oberhof GER"]
[Date "2011.06.14"]
[Round "5"]
[White "Wastian, Jan"]
[Black "Stövesand, Peter"]
[Result "0-1"]
[Termination "normal"]
[Board "24"]
[WhiteElo "1524"]
[BlackElo "1563"]
[PlyCount "56"]
[WhiteFideId "12911640"]
[BlackFideId "1270624"]
[EventCountry "GER"]
[EventRounds "9"]
[EventType "swiss"]
[EventDate "2011.06.11"]

1. e4 e5 2. Nf3 Nc6 3. Bb5 a6 4. Bxc6 dxc6 5. Nc3 Bd6 6. d4 Bg4 7. dxe5 Bxf3 8.
Qxf3 Bxe5 9. Bd2 Qf6 10. Qxf6 Nxf6 11. O-O-O O-O-O 12. f3 Rd7 13. g3 h5 14. Ne2
Rhd8 15. Bc3 Bxc3 16. Nxc3 Nh7 17. h4 Nf8 18. Rxd7 Rxd7 19. Rd1 Re7 20. Kd2 Nd7
21. Ke3 Re6 22. Kf4 Rf6+ 23. Ke3 Ne5 24. Rf1 Nc4+ 25. Kd3 Nxb2+ 26. Kd4 Rd6+
27. Kc5 a5 28. Rb1 b6# 0-1

[Event "ODEM U25A 2011"]
[Site "Oberhof GER"]
[Date "2011.06.14"]
[Round "5"]
[White "Papusha, Maxim"]
[Black "Prosvetov, Ivan"]
[Result "1/2-1/2"]
[Termination "normal"]
[Board "25"]
[WhiteElo "1745"]
[BlackElo "2045"]
[PlyCount "73"]
[WhiteFideId "12915246"]
[BlackFideId "24123900"]
[EventCountry "GER"]
[EventRounds "9"]
[EventType "swiss"]
[EventDate "2011.06.11"]

1. e4 e6 2. d4 d5 3. Nc3 Bb4 4. e5 c5 5. a3 Bxc3+ 6. bxc3 Qa5 7. Bd2 Nc6 8. Qg4
Kf8 9. Bd3 Qa4 10. Nf3 c4 11. Be2 Qxc2 12. h4 Nge7 13. Qh3 Na5 14. O-O h5 15.
Bd1 Qb2 16. Ba4 Nb3 17. Rfb1 Qxa1 18. Rxa1 Nxa1 19. Bg5 Nc6 20. g4 Bd7 21. gxh5
Rb8 22. h6 gxh6 23. Bf6 Rg8+ 24. Kh2 b5 25. Ng5 bxa4 26. Qf3 hxg5 27. h5 Nxd4
28. cxd4 Rb3 29. Qd1 c3 30. Qxa1 c2 31. Qe1 Rh8 32. Qd2 Rxh5+ 33. Kg2 Rb8 34.
Qxc2 Rc8 35. Qe2 Rh6 36. Bxg5 Rg6 37. Qh5 1/2-1/2

[Event "ODEM U25A 2011"]
[Site "Oberhof GER"]
[Date "2011.06.14"]
[Round "5"]
[White "Wissel, Daniel"]
[Black "Planner, Jörg"]
[Result "1/2-1/2"]
[Termination "normal"]
[Board "26"]
[WhiteElo "1724"]
[BlackElo "1844"]
[PlyCount "27"]
[BlackFideId "1270978"]
[EventCountry "GER"]
[EventRounds "9"]
[EventType "swiss"]
[EventDate "2011.06.11"]

1. e4 e6 2. c4 d5 3. exd5 exd5 4. d4 Nf6 5. Nc3 Be7 6. Bg5 O-O 7. Bxf6 Bxf6 8.
Nxd5 c5 9. Nf3 Nc6 10. Nxf6+ Qxf6 11. d5 Ne5 12. Nxe5 Re8 13. Be2 Qxe5 14. h3
1/2-1/2

[Event "ODEM U25A 2011"]
[Site "Oberhof GER"]
[Date "2011.06.14"]
[Round "5"]
[White "Kobozeva, Victoria"]
[Black "Wimmer, Martin"]
[Result "1/2-1/2"]
[Termination "normal"]
[Board "27"]
[WhiteElo "1713"]
[BlackElo "1879"]
[PlyCount "138"]
[WhiteFideId "24133680"]
[BlackFideId "24683680"]
[EventCountry "GER"]
[EventRounds "9"]
[EventType "swiss"]
[EventDate "2011.06.11"]

1. e4 a6 2. d4 b5 3. c4 Bb7 4. f3 bxc4 5. d5 c6 6. Bxc4 cxd5 7. Bxd5 Bxd5 8.
Qxd5 Nc6 9. Nc3 Nf6 10. Qd1 Qb6 11. Nge2 g6 12. Na4 Qa7 13. b3 Bg7 14. Bb2 O-O
15. e5 Ne8 16. f4 f6 17. Qd5+ e6 18. Qc5 fxe5 19. O-O exf4 20. Bxg7 Nxg7 21.
Nxf4 d6 22. Qxa7 Rxa7 23. Rad1 Rd8 24. Rfe1 Rad7 25. Nb6 g5 26. Nh3 h6 27. Nf2
Nf5 28. Nc4 e5 29. Ne4 Ncd4 30. Nf6+ Kg7 31. Nd5 Ra7 32. Nde3 Nxe3 33. Nxe3 Rc7
34. Nc4 Kf6 35. Rf1+ Ke6 36. Rfe1 Rf7 37. Rxd4 Rf4 38. Rdd1 Rf5 39. Ne3 Rf4 40.
g3 Rf3 41. Kg2 Rdf8 42. Rf1 e4 43. Nc2 Ke5 44. Nb4 g4 45. Nxa6 e3 46. Rc1 Ke4
47. Nb4 d5 48. a4 d4 49. Rxf3 gxf3+ 50. Kf1 f2 51. Ke2 Rb8 52. Rc4 Rf8 53. Rc1
Rf5 54. Rd1 h5 55. Rc1 Rf7 56. Nd3 f1=Q+ 57. Rxf1 Rxf1 58. Nc5+ Kd5 59. Kxf1
Kxc5 60. Ke2 Kb4 61. Kd3 Kxb3 62. a5 e2 63. Kxe2 Kc2 64. a6 d3+ 65. Ke3 d2 66.
a7 d1=Q 67. a8=Q Qd2+ 68. Kf3 Qd1+ 69. Kf4 Qg4+ 1/2-1/2

[Event "ODEM U25A 2011"]
[Site "Oberhof GER"]
[Date "2011.06.14"]
[Round "5"]
[White "Müller, Max"]
[Black "George, Tom"]
[Result "1/2-1/2"]
[Termination "normal"]
[Board "28"]
[WhiteElo "1639"]
[BlackElo "1855"]
[PlyCount "114"]
[WhiteFideId "12900486"]
[BlackFideId "24659487"]
[EventCountry "GER"]
[EventRounds "9"]
[EventType "swiss"]
[EventDate "2011.06.11"]

1. e4 c5 2. Nc3 d6 3. f4 Nc6 4. Nf3 g6 5. Bc4 Bg7 6. O-O e6 7. d3 Nge7 8. Qe1
O-O 9. Qh4 d5 10. Bb3 Nd4 11. Nxd4 cxd4 12. Ne2 dxe4 13. dxe4 Qb6 14. Kh1 Qc7
15. Rf3 f5 16. e5 Nc6 17. Qf2 Qb6 18. c3 dxc3 19. Qxb6 axb6 20. Rxc3 Na5 21.
Bc2 Bd7 22. Be3 b5 23. Rd1 Bc6 24. Nd4 Rfe8 25. b4 Nc4 26. Bb3 Bf8 27. Bxc4
bxc4 28. Nxc6 bxc6 29. Rxc4 Rxa2 30. Bc5 Bxc5 31. Rxc5 Rb2 32. Rxc6 Rxb4 33. g3
Rb2 34. Rcd6 Rc8 35. Rd8+ Rxd8 36. Rxd8+ Kg7 37. Rd7+ Kg8 38. Re7 Rb6 39. Kg2
h5 40. Kh3 Kf8 41. Rd7 Rb2 42. Rc7 Ra2 43. Rc1 Kg7 44. Rh1 Kh6 45. Rd1 Kg7 46.
Rd7+ Kf8 47. Rd6 Kf7 48. Rc6 Rb2 49. Rc7+ Kf8 50. Ra7 Rc2 51. Ra1 Kg7 52. Ra6
Kf7 53. Rd6 Rb2 54. Rd8 Rc2 55. Rh8 Kg7 56. Re8 Kf7 57. Rb8 Ra2 1/2-1/2

[Event "ODEM U25A 2011"]
[Site "Oberhof GER"]
[Date "2011.06.14"]
[Round "5"]
[White "Häusler, Yannick"]
[Black "Stark, Sven"]
[Result "1/2-1/2"]
[Termination "normal"]
[Board "29"]
[WhiteElo "1619"]
[BlackElo "1857"]
[PlyCount "211"]
[WhiteFideId "12935891"]
[BlackFideId "4670124"]
[EventCountry "GER"]
[EventRounds "9"]
[EventType "swiss"]
[EventDate "2011.06.11"]

1. e4 e6 2. d4 d5 3. Nc3 Bb4 4. e5 c5 5. a3 cxd4 6. Qxd4 Nc6 7. Bb5 Be7 8. Qg4
g6 9. Nf3 h6 10. O-O Bd7 11. Be3 h5 12. Qg3 Nh6 13. Bxh6 Rxh6 14. Bxc6 bxc6 15.
Nd2 Kf8 16. Kh1 Kg7 17. f4 Qc7 18. Nf3 Rb8 19. Rab1 c5 20. Qf2 Bc6 21. Ng5 Rhh8
22. Rfd1 Rhc8 23. Nf3 Rd8 24. Ne2 Rb7 25. c3 Rdb8 26. b4 a5 27. Rdc1 Qd7 28.
Qe1 axb4 29. axb4 cxb4 30. cxb4 Bxb4 31. Qf1 Ba3 32. Rxb7 Qxb7 33. Rd1 Bc5 34.
Ned4 Bb5 35. Qe1 Bc4 36. Ne2 Be3 37. Nfd4 Qb2 38. Nc6 Qxe2 39. Nxb8 Qxe1+ 40.
Rxe1 Bxf4 41. Nc6 Bd2 42. Rd1 Be3 43. Nb4 Bf4 44. Re1 Bd2 45. Rb1 Bc3 46. Nc6
d4 47. Nxd4 Bxd4 48. Rb4 Bxe5 49. Rxc4 f5 50. h3 Bg3 51. Kg1 g5 52. Kf1 Kf6 53.
Ke2 g4 54. hxg4 hxg4 55. Ke3 e5 56. Rc6+ Kg5 57. Re6 Bf4+ 58. Ke2 Bh2 59. Re8
Kf4 60. Re7 Bg3 61. Ra7 Bh4 62. Ra5 Bf6 63. Kf2 g3+ 64. Ke2 Kg4 65. Ra4+ e4 66.
Rc4 Kf4 67. Ra4 Bc3 68. Rc4 Ba5 69. Ra4 Bb6 70. Rb4 Bf2 71. Ra4 Kg5 72. Rb4 Kf6
73. Ra4 Ke6 74. Ra6+ Kd5 75. Ra8 Bc5 76. Rg8 f4 77. Rg4 Bd6 78. Rg8 Kc4 79.
Rc8+ Bc5 80. Re8 Kd5 81. Rg8 Ke5 82. Rg5+ Kd4 83. Rg8 Kc4 84. Re8 Kd5 85. Rg8
Kc4 86. Re8 Kd5 87. Rg8 Ke5 88. Rg5+ Kd4 89. Rf5 Bd6 90. Rg5 Be5 91. Rg8 Bd6
92. Rg6 Kd5 93. Rg8 Kc4 94. Rg6 Bc5 95. Rg4 Be3 96. Rg8 Kd5 97. Rg5+ Ke6 98.
Rg8 Kf7 99. Rg4 Kf6 100. Rg8 Kf5 101. Rf8+ Kg6 102. Rg8+ Kh7 103. Rg4 Bc1 104.
Kd1 Be3 105. Ke2 Kh8 106. Rg6 1/2-1/2

[Event "ODEM U25A 2011"]
[Site "Oberhof GER"]
[Date "2011.06.14"]
[Round "5"]
[White "Shishkov, Mark"]
[Black "Meulner, Fabian"]
[Result "1/2-1/2"]
[Termination "normal"]
[Board "30"]
[WhiteElo "1987"]
[BlackElo "1823"]
[PlyCount "170"]
[WhiteFideId "12911682"]
[BlackFideId "12913936"]
[EventCountry "GER"]
[EventRounds "9"]
[EventType "swiss"]
[EventDate "2011.06.11"]

1. d4 Nf6 2. c4 e6 3. g3 Bb4+ 4. Bd2 Qe7 5. Bg2 O-O 6. Nf3 d5 7. O-O Bxd2 8.
Nbxd2 Nbd7 9. Qc2 c5 10. Rac1 b6 11. Rfd1 Bb7 12. Ne5 cxd4 13. Ndf3 Rac8 14.
Rxd4 Nxe5 15. Nxe5 Qd6 16. f4 Qb8 17. Qd2 dxc4 18. Rcxc4 Bxg2 19. Rxc8 Rxc8 20.
Kxg2 Qa8+ 21. Kh3 g6 22. Qd3 Kg7 23. Qa3 Rc2 24. Qe7 Qf8 25. Qxa7 Rxb2 26. Rc4
Rxe2 27. Rc7 Rxe5 28. fxe5 Nd5 29. Rb7 h5 30. Rd7 g5 31. Kg2 Kg6 32. Qa4 Qc5
33. Qe4+ Kg7 34. Rxd5 Qxd5 35. Qxd5 exd5 36. Kf3 Kg6 37. Ke3 Kf5 38. Kd4 Ke6
39. h3 b5 40. g4 hxg4 41. hxg4 b4 42. Kc5 Kxe5 43. Kxb4 f5 44. a4 fxg4 45. a5
g3 46. a6 g2 47. a7 g1=Q 48. a8=Q Qe1+ 49. Kb5 Qe2+ 50. Kc6 Qc4+ 51. Kd7 Qb5+
52. Kc7 g4 53. Qa1+ Kf5 54. Qh1 Qc4+ 55. Kd7 Kf4 56. Qh6+ Kg3 57. Qe3+ Kg2 58.
Qd2+ Kf3 59. Qd1+ Kf4 60. Qd2+ Kf5 61. Qf2+ Qf4 62. Qc2+ Kg5 63. Qc5 g3 64.
Qe7+ Kg4 65. Qg7+ Kh3 66. Qh7+ Qh4 67. Qd3 Kh2 68. Qxd5 Qh3+ 69. Kd6 g2 70. Qd2
Kh1 71. Qd5 Qh6+ 72. Kd7 Qg7+ 73. Kc6 Qf6+ 74. Kd7 Qh4 75. Kc6 Kh2 76. Qd2 Qc4+
77. Kd6 Qf1 78. Qh6+ Kg1 79. Qe3+ Qf2 80. Qc1+ Kh2 81. Qh6+ Kg3 82. Qg5+ Kf3
83. Qf5+ Ke2 84. Qb5+ Ke3 85. Qc5+ Ke2 1/2-1/2

[Event "ODEM U25A 2011"]
[Site "Oberhof GER"]
[Date "2011.06.14"]
[Round "5"]
[White "Celmer, Ole"]
[Black "Leyrer, Thomas"]
[Result "1/2-1/2"]
[Termination "normal"]
[Board "31"]
[WhiteElo "1788"]
[BlackElo "1609"]
[PlyCount "72"]
[WhiteFideId "24657107"]
[BlackFideId "12908274"]
[EventCountry "GER"]
[EventRounds "9"]
[EventType "swiss"]
[EventDate "2011.06.11"]

1. e4 c5 2. Nf3 Nc6 3. d4 cxd4 4. Nxd4 Nf6 5. Nc3 e5 6. Ndb5 d6 7. a4 a6 8. Na3
Be6 9. Be2 d5 10. exd5 Nxd5 11. Nxd5 Bxd5 12. O-O Bc5 13. Qd3 Be6 14. Qg3 O-O
15. Nc4 Nd4 16. Qxe5 Nxc2 17. Rb1 Qd4 18. b3 Qxe5 19. Nxe5 Nd4 20. Bc4 Bxc4 21.
Nxc4 Ne2+ 22. Kh1 Nxc1 23. Rbxc1 Rac8 24. h3 g6 25. Rcd1 Rfd8 26. Kg1 b5 27.
axb5 axb5 28. Nb2 Rxd1 29. Nxd1 Ba3 30. Ne3 Rc3 31. Rb1 Bc5 32. Nd1 Rd3 33. Kf1
Rd2 34. Rc1 Ba3 35. Ra1 Kg7 36. Nc3 Rc2 1/2-1/2

[Event "ODEM U25A 2011"]
[Site "Oberhof GER"]
[Date "2011.06.14"]
[Round "5"]
[White "Mehling, Franziska"]
[Black "Kast, Joannis"]
[Result "1/2-1/2"]
[Termination "normal"]
[Board "32"]
[WhiteElo "1542"]
[BlackElo "1745"]
[PlyCount "51"]
[WhiteFideId "12900133"]
[BlackFideId "24698776"]
[EventCountry "GER"]
[EventRounds "9"]
[EventType "swiss"]
[EventDate "2011.06.11"]

1. e4 e5 2. Bc4 Nc6 3. Nc3 Nf6 4. d3 Bc5 5. f4 d6 6. Nf3 Qe7 7. Na4 Bb6 8. Nxb6
axb6 9. Be3 exf4 10. Bxf4 d5 11. Bb3 dxe4 12. dxe4 O-O 13. O-O Qc5+ 14. Kh1
Nxe4 15. Qe1 Nd6 16. Qg3 Be6 17. Bxe6 fxe6 18. c3 Rf6 19. Rfe1 Nf5 20. Qh3 Qf2
21. Ng5 Rh6 22. Qf3 Qxf3 23. Nxf3 Rg6 24. Bxc7 b5 25. Bf4 Ra4 26. g3 1/2-1/2